Ingreso en la Orden Civil de Alfonso X el Sabio del archivero general de la Diputación, doctor Ignacio Rubio y Cambronero
Colección:
San Jorge,
; núm. 3 (juliol 1951), pàg. 61
Materias:
Rubio y Cambronero, Ignacio, -- 1895-1973 -- Medalles
; Orden Civil de Alfonso X, el Sabio
Idioma:
Español
MARC
| LEADER | 00000naa a2200000 a 4500 | ||
|---|---|---|---|
| 003 | Arxiu | ||
| 005 | 20260324181024.0 | ||
| 008 | 160829s1951 spc xx s spa c 000 0 cat d | ||
| 040 | |a agdb | ||
| 245 | 0 | 0 | |a Ingreso en la Orden Civil de Alfonso X el Sabio del archivero general de la Diputación, doctor Ignacio Rubio y Cambronero |
| 490 | |a San Jorge, |v núm. 3 (juliol 1951), pàg. 61 | ||
| 600 | 1 | 0 | |a Rubio y Cambronero, Ignacio, |d 1895-1973 |x Medalles |9 54603 |
| 610 | 2 | 0 | |a Orden Civil de Alfonso X, el Sabio |9 54601 |
| 773 | |t San Jorge. |g Núm. 3 (juliol 1951), pàg. 61 | ||
| 901 | |a Arxiu | ||
| 942 | |n 1 |2 udc |c ART | ||
| 952 | |0 0 |1 0 |4 0 |6 REV508 |7 1 |9 64714 |a Arxiu |b Arxiu |d 2022-12-12 |l 0 |o Rev-508 |r 2022-12-12 00:00:00 |w 2022-12-12 |y ARXIU | ||
| 999 | |c 43869 |d 43869 | ||